00350nam a22001457a 4500003000400000020001800004082001700022100002700039245003600066250000800102260003600110300000800146650002500154653002500179SGT a9789356961616 a616.07bE23K aKAWTHALKAR, SHIRISH. M aESSNTIALS OF CLINICAL PATHOLOGY a3rd aNEW DELHIbJAYPEE BROTHERc2023 a458 a CLINICAL, PATHOLOGY a PATHOLOGY,DISEASE,